Gdzie odbył się ten mecz reprezentacji Polski? #3 - Statystyki

Ogólne statystyki
  • Ten quiz został rozwiązany 29 razy
  • Średni wynik to 3 z 10
Statystyki odpowiedzi
Data Kto grał Państwo % Poprawnych
28.06.2018 Polska - Japonia Rosja
90%
12.06.2016 Polska - Irlandia Północna Francja
76%
08.06.2008 Polska - Niemcy Austria
52%
20.06.2006 Polska - Kostaryka Niemcy
48%
23.01.2010 Polska - Singapur Tajlandia
38%
26.05.2012 Polska - Słowacja Austria
21%
11.02.2009 Polska - Walia Portugalia
10%
03.02.2007 Polska - Estonia Hiszpania
7%
02.02.2008 Polska - Finlandia Cypr
3%
15.12.2007 Polska - Bośnia i Herecegowina Turcja
0%
Nie znaleziono quizów pasujących do podanych kryteriów
Rozkład punktacji
Procent ludzi z każdym wynikiem
Percentyl według liczby udzielonych odpowiedzi
Twoja historia wyników
Nie rozwiązałeś tego quizu